Statistics for Geography A-Z

Click here to take the quiz!

General Stats

  • This quiz has been taken 70 times
  • The average score is 22 of 25

Answer Stats

LetterHintAnswer% Correct
ALargest country in AfricaAlgeria
98%
BCity split in half by the Soviets during the Cold WarBerlin
98%
DCapital of IrelandDublin
98%
GCountry that shares its name with a U.S stateGeorgia
97%
NLongest river in the worldNile River
97%
JCapital of IndonesiaJakarta
95%
QMiddle Eastern CountryQatar
95%
RSmall country in Central Africa that was the sight of a mass genocide in 1994Rwanda
95%
MLongest river in North AmericaMississippi River
93%
OEmpire that collapsed at the end of World War OneOttoman Empire
93%
VCountry in Northern South AmericaVenezuela
92%
ZCountry that printed a $1 Trillion billZimbabwe
92%
FIslands that started a dispute between Argentina and the United Kingdom in the 1980sFalkland Islands
90%
SNon-Sovereign Country in Northern United KingdomScotland
90%
LCity in FranceLyon
89%
WState the broke away from Virginia during the civil warWest Virginia
89%
CPiece of land seized from Ukraine by Russia in 2014Crimea
87%
IPeninsula that Portugal and Spain sit onIberian Peninsula
87%
HRiver that flows from north to south primarily through eastern New YorkHudson River
85%
TModern Day country of OTurkey
82%
UMajor Country that manifested destinyUnited States
82%
EChilean island where Moai prescideEaster Island
79%
PA piece of land almost surrounded by water or projecting out into a body of waterPeninsula
79%
KDesert in Southern AfricaKalahari
75%
YLongest river in EurasiaYangtze River
59%

Score Distribution

Percentile by Number Answered

Percent of People with Each Score

Your Score History

You have not taken this quiz